Nilai patriotisme saya (Tamil)

Bibliographic Details
Main Author: Katiroli
Format: Book
Published: Chennai : Manimegalai , 2004
Subjects:

MARC

LEADER 00000cam a2200000 7i4500
001 0000022423
005 20160330.0
008 080728
020 |a RM9.00 
090 0 0 |a 808.8194811   |b KAT 
100 1 |a Katiroli 
245 1 0 |a Nilai patriotisme saya (Tamil)   |c Katiroli 
260 |a Chennai :   |b Manimegalai ,   |c 2004 
500 |a Teenager ages 13-18 years old (blue) 
650 0 |a Poetry collections 
650 0 |a Tamil poetry   |x collections 
999 |a 0001031785   |b Book   |c Tamil Collection   |e Perbadanan Perpustakaan Awam Johor 
999 |a 0001031786   |b Book   |c Tamil Collection   |e Perbadanan Perpustakaan Awam Johor 
999 |a 0001031787   |b Book   |c Tamil Collection   |e Perbadanan Perpustakaan Awam Johor